Жуковский. Жизнь Тургенева. Чехов

書誌詳細
第一著者: Зайцев Б. К. Борис Константинович
要約:Исключено из фонда НТБ ТПУ
言語:ロシア語
出版事項: Москва, Дружба народов, 1999
シリーズ:Литературные биографии
フォーマット: 図書
KOHA link:https://koha.lib.tpu.ru/cgi-bin/koha/opac-detail.pl?biblionumber=25688

MARC

LEADER 00000nam0a2200000 4500
001 25688
005 20231101205704.0
010 |a 5285003040 
035 |a (RuTPU)RU\TPU\book\25925 
035 |a BOOK00026000 
090 |a 25688 
100 |a 20011209d1999 km y0rusy50 ca 
101 0 |a rus 
102 |a RU 
105 |a y z 000zd 
200 1 |a Жуковский. Жизнь Тургенева. Чехов  |f Б. К. Зайцев 
210 |a Москва  |c Дружба народов  |d 1999 
215 |a 544 с. 
225 1 |a Литературные биографии 
333 |a Исключено из фонда НТБ ТПУ 
700 1 |a Зайцев  |b Б. К.  |c русский писатель  |f 1881-1972  |g Борис Константинович  |9 3220 
801 0 |a RU  |b 63413507  |c 20011209  |g PSBO 
801 2 |a RU  |b 63413507  |c 20220616  |g PSBO 
942 |c BK